[Event "EU-ch Online U2300 Qual"]
[Site "Chess.com INT"]
[Date "2020.05.25"]
[Round "2"]
[White "Kollar, Romain"]
[Black "Baranow, Sergey"]
[Result "0-1"]
[WhiteElo "2205"]
[BlackElo "2192"]
[PlyCount "74"]
[EventDate "2020.05.25"]
[EventType "swiss"]
[EventRounds "8"]
[EventCountry "NET"]
[SourceTitle "EXT 2021"]
[Source "ChessBase"]
[SourceDate "2020.10.23"]
[SourceVersion "1"]
[SourceVersionDate "2020.10.23"]
[SourceQuality "1"]

1. e4 c5 2. Nf3 a6 3. c3 e6 4. d4 cxd4 5. cxd4 d5 6. e5 Bb4+ 7. Bd2 Bxd2+ 8. Qxd2 f5 9. exf6 Nxf6 10. Bd3 0-0 11. 0-0 Nc6 12. Nc3 Qe8 13. Rfe1 Qh5 14. Ne2 Bd7 15. Ng3 Qe8 16. h3 Rc8 17. Qg5 h6 18. Qd2 b5 19. Nh4 Nxd4 20. Bg6 Qd8 21. Qxd4 Rc4 22. Qxc4 bxc4 23. Nf3 Qb6 24. Ne5 Qxb2 25. Rab1 Qxa2 26. Rb7 Be8 27. Bxe8 Nxe8 28. Re2 Qa1+ 29. Kh2 c3 30. Ng6 Rf6 31. Ne7+ Kh7 32. Nh5 Rf7 33. Rxe6 c2 34. Ng6 Rxb7 35. Rxe8 Kxg6 36. Nf4+ Kh7 37. Ne6 Qe5+ 0-1

[Event "EU-ch Online U2300 Qual"]
[Site "Chess.com INT"]
[Date "2020.05.25"]
[Round "6"]
[White "Pavlidou, Ekaterini"]
[Black "Kollar, Romain"]
[Result "1-0"]
[WhiteElo "2170"]
[BlackElo "2205"]
[PlyCount "137"]
[EventDate "2020.05.25"]
[EventType "swiss"]
[EventRounds "8"]
[EventCountry "NET"]
[SourceTitle "EXT 2021"]
[Source "ChessBase"]
[SourceDate "2020.10.23"]
[SourceVersion "1"]
[SourceVersionDate "2020.10.23"]
[SourceQuality "1"]

1. d4 Nf6 2. c4 c5 3. d5 e6 4. Nc3 exd5 5. cxd5 d6 6. e4 g6 7. h3 Bg7 8. Nf3 0-0 9. Bd3 b5 10. a3 a6 11. 0-0 Nbd7 12. Bf4 Qe7 13. Re1 Bb7 14. Rc1 h6 15. Qd2 Kh7 16. Bb1 Nh5 17. Bh2 Ne5 18. Nxe5 Bxe5 19. f4 Bd4+ 20. Kh1 Qh4 21. Ne2 Bg7 22. Qd3 Bxb2 23. Rcd1 Bg7 24. g4 Nf6 25. Qf3 Nd7 26. Kg2 Rae8 27. Ng3 Qf6 28. Re2 a5 29. Bg1 b4 30. a4 Ba6 31. Red2 Qc3 32. Be3 Nb6 33. Ne2 Qf6 34. e5 Qe7 35. e6 Nc4 36. f5 Nxd2 37. Rxd2 fxe6 38. dxe6 Bb7 39. Be4 Bxe4 40. Qxe4 gxf5 41. gxf5 Qf6 42. Ng3 b3 43. Bf4 Kh8 44. Bxd6 Qc3 45. Rf2 Qd4 46. Bxf8 Qxe4+ 47. Nxe4 Bxf8 48. Rb2 c4 49. Kf3 Ba3 50. Rb1 c3 51. Nxc3 Kg7 52. Rxb3 Kf6 53. Ke4 Bb4 54. Nd5+ Kg7 55. Nxb4 axb4 56. Rxb4 Kf6 57. Rb7 Ra8 58. Rf7+ Kg5 59. e7 h5 60. Rf8 Rxa4+ 61. Ke5 Ra5+ 62. Ke6 Ra6+ 63. Kf7 Rf6+ 64. Kg8 Rg6+ 65. fxg6 h4 66. e8Q Kh6 67. g7 Kg5 68. Qe5+ Kh6 69. Rf6# 1-0

[Event "FRA-ch Blitz Online Qual"]
[Site "Europe Echecs INT"]
[Date "2020.05.16"]
[Round "8"]
[White "Joie, Sebastien"]
[Black "Kollar, Romain"]
[Result "1-0"]
[WhiteElo "2393"]
[BlackElo "2205"]
[PlyCount "57"]
[EventDate "2020.05.16"]
[EventType "swiss (blitz)"]
[EventRounds "15"]
[EventCountry "FRA"]
[SourceTitle "CBM 196 Extra"]
[Source "ChessBase"]
[SourceDate "2020.07.31"]
[SourceVersion "1"]
[SourceVersionDate "2020.07.31"]
[SourceQuality "1"]

1. d4 Nf6 2. c4 c5 3. d5 e6 4. Nc3 exd5 5. cxd5 d6 6. Nf3 g6 7. g3 Bg7 8. Bg2 0-0 9. 0-0 Re8 10. Re1 Bg4 11. Nd2 Qd7 12. a4 Na6 13. Nc4 Nh5 14. Nb5 Bf8 15. Bg5 h6 16. Bd2 Nb4 17. Bc3 b6 18. Qd2 Rab8 19. Bxb4 cxb4 20. Qxb4 Bxe2 21. Nd4 Bxc4 22. Qxc4 Nf6 23. Nc6 Rbc8 24. b4 Bg7 25. Rad1 Rxe1+ 26. Rxe1 Ng4 27. Ne7+ Qxe7 28. Qxc8+ Qf8 29. Re8 1-0

[Event "FRA-ch Blitz Online Qual"]
[Site "Europe Echecs INT"]
[Date "2020.05.16"]
[Round "7"]
[White "Kollar, Romain"]
[Black "Capouilliet, Sylvain"]
[Result "1-0"]
[WhiteElo "2205"]
[BlackElo "1821"]
[PlyCount "93"]
[EventDate "2020.05.16"]
[EventType "swiss (blitz)"]
[EventRounds "15"]
[EventCountry "FRA"]
[SourceTitle "CBM 196 Extra"]
[Source "ChessBase"]
[SourceDate "2020.07.31"]
[SourceVersion "1"]
[SourceVersionDate "2020.07.31"]
[SourceQuality "1"]

1. e4 c5 2. Nf3 Nc6 3. d4 cxd4 4. Nxd4 g6 5. c4 Bg7 6. Be3 d6 7. Nc3 e6 8. Be2 Nf6 9. 0-0 0-0 10. Qd2 d5 11. cxd5 exd5 12. exd5 Nxd5 13. Nxd5 Qxd5 14. Bf3 Qa5 15. Nxc6 Qxd2 16. Ne7+ Kh8 17. Bxd2 Bxb2 18. Rab1 Bf6 19. Nxc8 Raxc8 20. Rxb7 Bd4 21. Bb4 Rfe8 22. Rxf7 Rc2 23. Rf8+ Rxf8 24. Bxf8 Rxa2 25. Bd6 a5 26. g3 a4 27. Bd5 Rd2 28. Bb4 Rb2 29. Be7 Re2 30. Bg5 a3 31. Be3 Bxe3 32. fxe3 Rxe3 33. Ra1 Kg7 34. Kf2 Rc3 35. Be4 Rb3 36. Ra2 Kf6 37. Bc2 Rc3 38. Ke2 Ke5 39. Kd2 Kd4 40. Ra1 Re3 41. Rd1 Rf3 42. Bb1 Kc4 43. Ba2+ Kb4 44. Kc2 Rf2+ 45. Rd2 Rf3 46. Bg8 Rc3+ 47. Kb1 1-0

[Event "Sautron op 19th"]
[Site "Sautron"]
[Date "2019.10.21"]
[Round "5.11"]
[White "Pichon, Ewen"]
[Black "Kollar, Romain"]
[Result "0-1"]
[WhiteElo "1706"]
[BlackElo "2225"]
[PlyCount "60"]
[EventDate "2019.12.10"]
[EventType "swiss"]
[EventRounds "9"]
[EventCountry "FRA"]
[SourceTitle "EXT 2022"]
[Source "ChessBase"]
[SourceDate "2021.10.06"]
[SourceVersion "1"]
[SourceVersionDate "2021.10.06"]
[SourceQuality "1"]

1. d4 Nf6 2. c4 c5 3. d5 e6 4. Nc3 exd5 5. cxd5 d6 6. e4 g6 7. f4 Bg7 8. Bb5+ Nbd7 9. e5 dxe5 10. fxe5 Nh5 11. e6 Qh4+ 12. Kf1 fxe6 13. Nf3 0-0 14. Be3 Ne5 15. Bf2 Rxf3 16. Qxf3 Nxf3 17. Bxh4 Nxh4 18. d6 Nf6 19. Kf2 Nf5 20. Rad1 Bd7 21. Rhe1 Nd4 22. Bc4 b5 23. Bf1 b4 24. Nb1 Ng4+ 25. Kg3 h5 26. h3 Be5+ 27. Kh4 Bf6+ 28. Kg3 h4+ 29. Kf4 e5+ 30. Ke4 Nf2+ 0-1

[Event "Sautron op 19th"]
[Site "Sautron"]
[Date "2019.10.20"]
[Round "3.10"]
[White "Fretel, Didier"]
[Black "Kollar, Romain"]
[Result "0-1"]
[WhiteElo "1653"]
[BlackElo "2225"]
[PlyCount "120"]
[EventDate "2019.12.10"]
[EventType "swiss"]
[EventRounds "9"]
[EventCountry "FRA"]
[SourceTitle "EXT 2022"]
[Source "ChessBase"]
[SourceDate "2021.10.06"]
[SourceVersion "1"]
[SourceVersionDate "2021.10.06"]
[SourceQuality "1"]

1. d4 Nf6 2. c4 c5 3. dxc5 Na6 4. g3 Nxc5 5. Bg2 g6 6. Nf3 Bg7 7. Nc3 0-0 8. 0-0 d6 9. Re1 Be6 10. Nd5 Bf5 11. Nd4 Be4 12. Nxf6+ Bxf6 13. f3 Bc6 14. Nxc6 bxc6 15. Rb1 Qb6 16. Kh1 Qa6 17. b4 Na4 18. Qc2 Nc3 19. b5 cxb5 20. cxb5 Nxb5 21. Qc4 Rab8 22. a4 Rfc8 23. Qb3 Qa5 24. Bh6 Nd4 25. Qxb8 Qxe1+ 26. Rxe1 Rxb8 27. e4 Bg7 28. Bg5 Kf8 29. Rc1 Ke8 30. Be3 Kd8 31. f4 Rb3 32. Bh3 e6 33. Bf2 Rb4 34. a5 Ra4 35. Rd1 Nc6 36. Rxd6+ Kc7 37. e5 Bf8 38. Rd1 Rxa5 39. Rc1 Ba3 40. Rc2 Kd7 41. Rd2+ Ke8 42. Bg2 Ne7 43. h4 Bc5 44. Bxc5 Rxc5 45. Ra2 a5 46. Kh2 Nd5 47. Rb2 Nb4 48. Rd2 Ke7 49. Bf3 Rc2 50. Rxc2 Nxc2 51. Bd1 Ne3 52. Ba4 Nd5 53. Kh3 Nc3 54. Bb3 h5 55. g4 hxg4+ 56. Kxg4 a4 57. Bxa4 Nxa4 58. h5 gxh5+ 59. Kxh5 Nc5 60. Kg4 f6 0-1

[Event "Gorges op 29th"]
[Site "Gorges"]
[Date "2019.07.07"]
[Round "5"]
[White "Kollar, Romain"]
[Black "Le Pen, Steven"]
[Result "1/2-1/2"]
[WhiteElo "2189"]
[BlackElo "2094"]
[PlyCount "54"]
[EventDate "2019.07.05"]
[EventType "swiss"]
[EventRounds "5"]
[EventCountry "FRA"]
[SourceTitle "EXT 2020"]
[Source "ChessBase"]
[SourceDate "2019.10.17"]
[SourceVersion "1"]
[SourceVersionDate "2019.10.17"]
[SourceQuality "1"]

1. e4 c5 2. Nf3 d6 3. d4 cxd4 4. Nxd4 Nf6 5. Nc3 Nc6 6. f3 e5 7. Nb3 Be7 8. Be3 Be6 9. Nd5 Bxd5 10. exd5 Nb8 11. Qd2 0-0 12. Be2 Nbd7 13. Na5 Qc7 14. 0-0 Nh5 15. c4 f5 16. b4 Bh4 17. Rac1 f4 18. Bf2 Bxf2+ 19. Rxf2 Qb6 20. c5 dxc5 21. bxc5 Nxc5 22. d6 Nd7 23. Rc7 Nhf6 24. Rxb7 Qc5 25. Rc7 Qb6 26. Rb7 Qc5 27. Rc7 Qb6 1/2-1/2

[Event "Gorges op 29th"]
[Site "Gorges"]
[Date "2019.07.06"]
[Round "3"]
[White "Kollar, Romain"]
[Black "Munkhbayar, Janjaadorj"]
[Result "1-0"]
[WhiteElo "2189"]
[BlackElo "1952"]
[PlyCount "94"]
[EventDate "2019.07.05"]
[EventType "swiss"]
[EventRounds "5"]
[EventCountry "FRA"]
[SourceTitle "EXT 2020"]
[Source "ChessBase"]
[SourceDate "2019.10.17"]
[SourceVersion "1"]
[SourceVersionDate "2019.10.17"]
[SourceQuality "1"]

1. e4 c5 2. Nf3 Nc6 3. d4 cxd4 4. Nxd4 Nf6 5. Nc3 e5 6. Ndb5 d6 7. Bg5 a6 8. Na3 b5 9. Nd5 Be7 10. Bxf6 Bxf6 11. g3 0-0 12. Bg2 Bg5 13. 0-0 g6 14. c3 Be6 15. Nc2 Rb8 16. f4 exf4 17. gxf4 Bh6 18. Nde3 Qb6 19. Kh1 Rbd8 20. Qf3 Ne7 21. f5 Bd7 22. f6 Nc6 23. Nd5 Qa7 24. Qg3 Rfe8 25. Qxd6 Bf8 26. Qc7 Qc5 27. b4 Qd6 28. Rad1 Qe5 29. Qxe5 Nxe5 30. Nc7 Bg4 31. Ra1 Rd2 32. Nxe8 Rxc2 33. Nc7 Rxc3 34. Nd5 Rd3 35. a4 h5 36. axb5 axb5 37. Ra8 Nd7 38. Rd8 g5 39. Ne7+ Kh7 40. e5 Rd4 41. Re1 Rxb4 42. Be4+ Kh8 43. Bc6 Nc5 44. Rxf8+ Kh7 45. Rxf7+ Kh6 46. Ng8+ Kg6 47. Rg7+ Kf5 1-0

[Event "North American op 28th"]
[Site "Las Vegas"]
[Date "2018.12.29"]
[Round "8"]
[White "Kollar, Romain"]
[Black "Asaria, Danial"]
[Result "0-1"]
[WhiteElo "2180"]
[BlackElo "2328"]
[PlyCount "64"]
[EventDate "2018.12.26"]
[EventType "swiss"]
[EventRounds "9"]
[EventCountry "USA"]
[SourceTitle "CBM 188 Extra"]
[Source "ChessBase"]
[SourceDate "2019.02.26"]
[SourceVersion "1"]
[SourceVersionDate "2019.02.26"]
[SourceQuality "1"]

1. e4 c5 2. Nf3 d6 3. d4 cxd4 4. Nxd4 Nf6 5. Nc3 a6 6. f3 e5 7. Nb3 Be6 8. Be3 h5 9. Qd2 Nbd7 10. 0-0-0 Rc8 11. Kb1 b5 12. Nd5 Bxd5 13. exd5 Nb6 14. Bxb6 Qxb6 15. Bd3 g6 16. Qg5 Be7 17. Qd2 Kf8 18. Rhe1 Kg7 19. h3 Qc7 20. Rc1 Nxd5 21. c4 Nf4 22. cxb5 Qb6 23. bxa6 Nxd3 24. Qxd3 Ra8 25. Nd2 Rhb8 26. Rc2 Rxa6 27. Nc4 Qa7 28. b3 Bf6 29. Qe3 Qb7 30. Rd1 e4 31. Rcd2 Qb5 32. Nxd6 Qe5 0-1

[Event "North American op 28th"]
[Site "Las Vegas"]
[Date "2018.12.27"]
[Round "4"]
[White "Shen, Christopher Y"]
[Black "Kollar, Romain"]
[Result "0-1"]
[WhiteElo "2311"]
[BlackElo "2180"]
[PlyCount "128"]
[EventDate "2018.12.26"]
[EventType "swiss"]
[EventRounds "9"]
[EventCountry "USA"]
[SourceTitle "CBM 188 Extra"]
[Source "ChessBase"]
[SourceDate "2019.02.26"]
[SourceVersion "1"]
[SourceVersionDate "2019.02.26"]
[SourceQuality "1"]

1. c4 c5 2. g3 g6 3. Bg2 Bg7 4. Nc3 Nc6 5. Nf3 Nh6 6. 0-0 Nf5 7. d3 0-0 8. Rb1 b6 9. a3 Bb7 10. Bd2 Rb8 11. b4 d6 12. e3 Qd7 13. Qe2 Rfd8 14. Rfd1 h5 15. h3 Ba8 16. Ne4 Ne5 17. Nxe5 Bxe5 18. Be1 Bg7 19. Qc2 d5 20. cxd5 cxb4 21. Bxb4 Bxd5 22. Rbc1 a5 23. Bc3 a4 24. Bxg7 Bb3 25. Qb2 Nxg7 26. Rd2 Rbc8 27. Rxc8 Rxc8 28. d4 Qc7 29. g4 hxg4 30. hxg4 Ne8 31. Bf3 f5 32. gxf5 gxf5 33. Ng3 Qc1+ 34. Kg2 Qxb2 35. Rxb2 Nd6 36. Rb1 e6 37. Be2 b5 38. Nf1 Rc3 39. Nd2 Ba2 40. Rb2 Rxa3 41. Bxb5 Nxb5 42. Rxb5 Bd5+ 43. Kg3 Rd3 44. Rb8+ Kg7 45. Nb1 a3 46. Nxa3 Rxa3 47. Rb1 Kf6 48. Kf4 Ra4 49. Kg3 Kg5 50. Rc1 f4+ 51. exf4+ Kf5 52. f3 Rxd4 53. Rh1 Rd3 54. Rf1 Ra3 55. Rf2 Ra7 56. Rh2 Rg7+ 57. Kf2 Kxf4 58. Rh4+ Kf5 59. Ke3 Rg3 60. Rf4+ Ke5 61. Rf8 Rxf3+ 62. Rxf3 Bxf3 63. Kxf3 Kd4 64. Ke2 Ke4 0-1

[Event "Cap d'Agde op 16th"]
[Site "Cap d'Agde"]
[Date "2018.10.27"]
[Round "1"]
[White "Onischuk, Vladimir"]
[Black "Kollar, Romain"]
[Result "1-0"]
[WhiteElo "2623"]
[BlackElo "2135"]
[PlyCount "69"]
[EventDate "2018.10.27"]
[EventType "swiss"]
[EventRounds "9"]
[EventCountry "FRA"]
[SourceTitle "CBM 187 Extra"]
[Source "ChessBase"]
[SourceDate "2018.11.04"]
[SourceVersion "1"]
[SourceVersionDate "2018.11.04"]
[SourceQuality "1"]

1. e4 c5 2. Nf3 d6 3. d4 cxd4 4. Nxd4 Nf6 5. Nc3 g6 6. g3 Bg7 7. Bg2 0-0 8. h3 Nc6 9. Nb3 Be6 10. Nd5 Bxd5 11. exd5 Ne5 12. 0-0 Rc8 13. c3 Qc7 14. Re1 Qc4 15. a4 Rfe8 16. a5 a6 17. Ra3 Qc7 18. Ra4 Nc4 19. Bf1 Ne5 20. Rb4 Ned7 21. Bg2 Ne5 22. Bf1 Ned7 23. Be3 Nc5 24. Nxc5 dxc5 25. Rb6 Nd7 26. Bf4 Be5 27. Rxe5 Nxe5 28. Qe2 f6 29. h4 Qd7 30. Bxe5 fxe5 31. Qxe5 c4 32. Re6 Rc5 33. Bg2 Qc7 34. Qg5 Rf8 35. Rxe7 1-0

[Event "FRA-ch op-A"]
[Site "Nimes"]
[Date "2018.08.18"]
[Round "8"]
[White "Bianchi, Guillaume"]
[Black "Kollar, Romain"]
[Result "1-0"]
[WhiteElo "2064"]
[BlackElo "2065"]
[PlyCount "73"]
[EventDate "2018.08.18"]
[EventType "swiss"]
[EventRounds "9"]
[EventCountry "FRA"]
[SourceTitle "CBM 186 Extra"]
[Source "ChessBase"]
[SourceDate "2018.08.24"]
[SourceVersion "1"]
[SourceVersionDate "2018.08.24"]
[SourceQuality "1"]

1. d4 Nf6 2. Nf3 c5 3. d5 e6 4. Nc3 exd5 5. Nxd5 Nxd5 6. Qxd5 Be7 7. e4 0-0 8. Bc4 d6 9. Bf4 Qb6 10. 0-0-0 Nc6 11. Qh5 Qb4 12. Bd5 g6 13. Qh6 Bf6 14. c3 Bxc3 15. bxc3 Qxc3+ 16. Kb1 Nb4 17. Bb3 Nd3 18. Rd2 Nxf4 19. Qxf4 Qb4 20. Rb2 c4 21. Bc2 Qc5 22. Qh6 f6 23. Qe3 Qa5 24. Nd4 Bd7 25. h4 b5 26. f4 b4 27. h5 c3 28. Bb3+ Kg7 29. Rc2 Qc7 30. g4 a5 31. Rch2 Rh8 32. Bd5 Rab8 33. hxg6 hxg6 34. Rxh8 Rxh8 35. Rxh8 Kxh8 36. f5 Qc5 37. Qh6# 1-0

[Event "FRA-ch op-A"]
[Site "Nimes"]
[Date "2018.08.18"]
[Round "5"]
[White "Kollar, Romain"]
[Black "Lux, Hugo de Melo"]
[Result "1/2-1/2"]
[WhiteElo "2065"]
[BlackElo "2147"]
[PlyCount "60"]
[EventDate "2018.08.18"]
[EventType "swiss"]
[EventRounds "9"]
[EventCountry "FRA"]
[SourceTitle "CBM 186 Extra"]
[Source "ChessBase"]
[SourceDate "2018.08.24"]
[SourceVersion "1"]
[SourceVersionDate "2018.08.24"]
[SourceQuality "1"]

1. e4 c5 2. Nf3 e6 3. d4 cxd4 4. Nxd4 a6 5. c4 Nf6 6. Nc3 Qc7 7. a3 b6 8. Be3 Bb7 9. f3 Be7 10. Be2 0-0 11. 0-0 d6 12. Qd2 Nbd7 13. Rfc1 Rac8 14. b4 Qb8 15. Na4 Bd8 16. Nb3 Bc7 17. Kh1 Rfe8 18. c5 dxc5 19. bxc5 b5 20. c6 bxa4 21. cxb7 Qxb7 22. Na5 Qa8 23. Nc4 Ne5 24. Qb4 Nxc4 25. Bxc4 Be5 26. Rab1 Qc6 27. Bb3 Qd6 28. Bxa4 Rxc1+ 29. Rxc1 Rb8 30. Qxd6 Bxd6 1/2-1/2

[Event "Avoine op 32nd"]
[Site "Avoine"]
[Date "2017.07.22"]
[Round "1"]
[White "Gvanceladze, Anna"]
[Black "Kollar, Romain"]
[Result "1-0"]
[WhiteElo "2244"]
[BlackElo "2021"]
[PlyCount "89"]
[EventDate "2017.07.22"]
[EventType "swiss"]
[EventRounds "9"]
[EventCountry "FRA"]
[SourceTitle "CBM 179 Extra"]
[Source "ChessBase"]
[SourceDate "2017.08.23"]
[SourceVersion "1"]
[SourceVersionDate "2017.08.23"]
[SourceQuality "1"]

1. d4 Nf6 2. Nf3 g6 3. Bf4 Bg7 4. e3 0-0 5. h3 d6 6. Be2 b6 7. 0-0 Bb7 8. Nbd2 Nbd7 9. a4 a5 10. c3 Qe8 11. Bh2 e5 12. Nc4 Nd5 13. Re1 f5 14. Qb3 Kh8 15. Bf1 Qe7 16. Rad1 g5 17. dxe5 dxe5 18. Na3 g4 19. hxg4 fxg4 20. Nd2 Nc5 21. Qc2 Nf6 22. e4 Rad8 23. Nac4 Nh5 24. Ne3 Qg5 25. b4 Ne6 26. Nf5 Bxe4 27. Qxe4 Rxf5 28. Nc4 Rdf8 29. Bxe5 Rxf2 30. Bd3 Qh6 31. Ne3 Bxe5 32. Qxe5+ Nhg7 33. Nxg4 Qh4 34. Qh2 Rxg2+ 35. Kxg2 Qxg4+ 36. Kh1 Qf3+ 37. Qg2 Qh5+ 38. Qh2 Qf3+ 39. Kg1 Ng5 40. Rf1 Qg4+ 41. Kh1 Re8 42. Rd2 axb4 43. Rg2 Qd7 44. Bg6 bxc3 45. Bxe8 1-0

[Event "Krakow op-A 27th"]
[Site "Krakow"]
[Date "2016.12.27"]
[Round "1"]
[White "Gbyl, Andrzej"]
[Black "Kollar, Romain"]
[Result "1-0"]
[WhiteElo "2278"]
[BlackElo "2081"]
[PlyCount "59"]
[EventDate "2016.12.27"]
[EventType "swiss"]
[EventRounds "9"]
[EventCountry "POL"]
[SourceTitle "CBM 176 Extra"]
[Source "ChessBase"]
[SourceDate "2017.03.02"]
[SourceVersion "1"]
[SourceVersionDate "2017.03.02"]
[SourceQuality "1"]

1. d4 Nf6 2. c4 c5 3. d5 e6 4. Nc3 exd5 5. cxd5 d6 6. e4 g6 7. Nf3 Bg7 8. Bf4 0-0 9. Nd2 Re8 10. Be2 Na6 11. 0-0 Nc7 12. Re1 Rb8 13. a4 a6 14. a5 Bf8 15. Bf3 Bd7 16. e5 dxe5 17. Bxe5 Bb5 18. Qb3 Bd6 19. Bxd6 Rxe1+ 20. Rxe1 Qxd6 21. Nde4 Nxe4 22. Nxe4 Qe5 23. Rd1 c4 24. Qb4 Rd8 25. Qc5 Ne6 26. Qe7 Qc7 27. Qh4 Nf8 28. Nf6+ Kg7 29. Qd4 Ne6 30. Ne8+ 1-0

[Event "Nantes op 14th"]
[Site "Nantes"]
[Date "2015.12.28"]
[Round "3"]
[White "Navrotescu, Andreea Cristiana"]
[Black "Kollar, Romain"]
[Result "1-0"]
[WhiteElo "2253"]
[BlackElo "1936"]
[PlyCount "49"]
[EventDate "2015.12.27"]
[EventType "swiss"]
[EventRounds "7"]
[EventCountry "FRA"]
[SourceTitle "CBM 170 Extra"]
[Source "ChessBase"]
[SourceDate "2016.02.25"]
[SourceVersion "1"]
[SourceVersionDate "2016.02.25"]
[SourceQuality "1"]

1. d4 Nf6 2. c4 c5 3. d5 e6 4. Nc3 exd5 5. cxd5 d6 6. Nf3 g6 7. Bf4 Bg7 8. Qa4+ Bd7 9. Qb3 Qc7 10. e4 0-0 11. Be2 Re8 12. Nd2 a6 13. a4 Bg4 14. f3 Bd7 15. Nc4 Bf8 16. 0-0 Nh5 17. Be3 Kh8 18. f4 Nf6 19. e5 Ng4 20. Bxg4 Bxg4 21. Ne4 dxe5 22. Nf6 Be2 23. Nxe8 Qd8 24. Nxe5 Qxe8 25. Rfe1 1-0

[Event "Angers op 10th"]
[Site "Angers"]
[Date "2015.04.26"]
[Round "6"]
[White "Pierson, Emmanuel"]
[Black "Kollar, Romain"]
[Result "0-1"]
[WhiteElo "1894"]
[BlackElo "1588"]
[PlyCount "82"]
[EventDate "2015.04.24"]
[EventType "swiss"]
[EventRounds "6"]
[EventCountry "FRA"]
[SourceTitle "CBM 166 Extra"]
[Source "ChessBase"]
[SourceDate "2015.06.18"]
[SourceVersion "1"]
[SourceVersionDate "2015.06.18"]
[SourceQuality "1"]

1. d4 Nf6 2. c4 c5 3. d5 e6 4. Nc3 exd5 5. cxd5 d6 6. e4 g6 7. Bb5+ Nfd7 8. Nf3 Bg7 9. 0-0 0-0 10. Bxd7 Nxd7 11. Bf4 Nf6 12. Qc2 Nh5 13. Bg5 f6 14. Be3 Bg4 15. Nd2 Bd7 16. Nc4 Qc7 17. a4 b6 18. Qb3 Rab8 19. Nb5 Bxb5 20. Qxb5 f5 21. exf5 gxf5 22. Bg5 Bf6 23. Bh6 Bg7 24. Bxg7 Qxg7 25. Ra3 f4 26. Nd2 Kh8 27. Re1 Rg8 28. g3 fxg3 29. hxg3 Qd4 30. Nf1 Rbf8 31. Qe2 Nf4 32. Qd2 Nh3+ 33. Kh1 Nxf2+ 34. Kg2 Qh4 35. Qxf2 Rxf2+ 36. Kxf2 Qd4+ 37. Rae3 Qxb2+ 38. R1e2 Rf8+ 39. Kg2 Qa1 40. Nh2 Qxa4 41. Re7 Qc4 0-1

[Event "Angers op 8th"]
[Site "Angers"]
[Date "2013.05.04"]
[Round "4"]
[White "Pecot, Matthias"]
[Black "Kollar, Romain"]
[Result "1-0"]
[WhiteElo "1846"]
[BlackElo "1406"]
[PlyCount "119"]
[EventDate "2013.05.03"]
[EventType "swiss"]
[EventRounds "6"]
[EventCountry "FRA"]
[SourceTitle "CBM 154 Extra"]
[Source "ChessBase"]
[SourceDate "2013.06.25"]
[SourceVersion "2"]
[SourceVersionDate "2013.06.25"]
[SourceQuality "1"]

1. e4 c5 2. Nc3 d6 3. g3 Nf6 4. Bg2 g6 5. Nf3 Bg7 6. d4 cxd4 7. Nxd4 0-0 8. 0-0 Nc6 9. Nb3 Be6 10. Be3 Qd7 11. Nd5 Bh3 12. Nxf6+ Bxf6 13. c3 Bxg2 14. Kxg2 Qe6 15. Bh6 Bg7 16. Bxg7 Kxg7 17. Re1 f5 18. Nd4 Nxd4 19. Qxd4+ Kg8 20. exf5 Qxf5 21. Rxe7 Rf7 22. Rxf7 Qxf7 23. Qxd6 Rf8 24. Qd4 Qf3+ 25. Kg1 Qe2 26. c4 b6 27. b3 Rf5 28. a4 Rh5 29. Rd1 Re5 30. Rd3 Rf5 31. Rd2 Qf3 32. Qe3 Qa8 33. Qe6+ Rf7 34. Rd7 Qf3 35. Qxf7+ Qxf7 36. Rxf7 Kxf7 37. b4 Ke6 38. f4 Kf5 39. c5 bxc5 40. bxc5 Ke6 41. Kf2 Kd5 42. c6 Kxc6 43. Ke3 Kd5 44. Kd3 Kc5 45. g4 Kd5 46. a5 a6 47. Ke3 h6 48. Kd3 h5 49. gxh5 gxh5 50. h4 Ke6 51. Ke4 Kf6 52. f5 Ke7 53. Ke5 Kf7 54. f6 Ke8 55. Ke6 Kf8 56. f7 Kg7 57. Ke7 Kh7 58. Kf6 Kh6 59. f8Q+ Kh7 60. Qg7# 1-0

[Event "Angers op 8th"]
[Site "Angers"]
[Date "2013.05.03"]
[Round "1"]
[White "Kollar, Romain"]
[Black "Fermen, Guy"]
[Result "0-1"]
[WhiteElo "1406"]
[BlackElo "1510"]
[PlyCount "70"]
[EventDate "2013.05.03"]
[EventType "swiss"]
[EventRounds "6"]
[EventCountry "FRA"]
[SourceTitle "CBM 154 Extra"]
[Source "ChessBase"]
[SourceDate "2013.06.25"]
[SourceVersion "2"]
[SourceVersionDate "2013.06.25"]
[SourceQuality "1"]

1. e4 e5 2. Nf3 Nf6 3. Nc3 Nc6 4. d4 exd4 5. Nxd4 Be7 6. Nxc6 dxc6 7. Bf4 0-0 8. Qxd8 Bxd8 9. 0-0-0 Be6 10. Kb1 b5 11. a3 a5 12. f3 b4 13. Na4 bxa3 14. bxa3 Rb8+ 15. Nb2 Nd7 16. c4 Bf6 17. Rd2 Rb7 18. Kc1 Nc5 19. Rf2 Rfb8 20. g4 Bxb2+ 21. Kd1 Bxa3 22. Rd2 Rb1+ 23. Ke2 Bxc4+ 24. Kf2 Bxf1 25. Bxc7 Nxe4+ 26. fxe4 Bc5+ 27. Kg3 R8b3+ 28. Kf4 Be3+ 29. Ke5 Bxd2 30. h4 Rb5+ 31. Kd6 Bf4+ 32. Kd7 Rb7 33. e5 Bxe5 34. Rxf1 Rxc7+ 35. Kd8 Rb8# 0-1